00933cam a22002777i 4500999001500000001000600015003000900021005001700030008004100047020001500088035002400103040002800127082001600155100002000171245009000191250001200281264003700293300004500330490007500375500002000450650001400470650002400484700002100508942001200529952011400541 c5534d553464428BD-DhUAP20201214123206.0201214s1985 nyua b 001 0 eng d a007049763X a(OCoLC)ocn996402039 aYDXbengcYDXdBD-DhUAP04a690 PEU223 aPeurifoy, R. L.00aConstruction planning, equipment, and methods /cR. L. Peurifoy and W. B. Ledbetter. a4th ed. 1aNew York :bMcGraw-Hill,cc1985. axvi, 683 pages :billustrations ;c24 cm aMcGraw-Hill series in construction engineering and project management. aIncludes index. 0aBuilding. 7aBuilding materials. aLedbetter, W. B. 2ddccBK 00102ddc4070aUAPCLbUAPCLcGeneral Stacksd2020-12-14o690 PEUp3010006428r2020-12-14t1w2020-12-14yBK